02296cam a22003734i 4500003000900000005001700009008004100026020001500067020001800082035002000100040003300120082002100153100003400174245012900208264004700337300004500384336002100429337002500450338002300475505123600498526001001734526001001744526001001754526001001764526000801774526000801782526000801790526000801798526000801806526000801814526000801822650005901830650003301889PE-LiUPU20250731172902.0150706s r 000 0 d a080104863X a9780801048630 a(Sirsi) a165998 aPE-LiUPUbspacPE-LiUPUerda04a220.601bK732231 aKolb, Robert,d1941-,eautor.04aMartin Luther and the enduring Word of God :bthe Wittenberg School and its Scripture- centered proclamation /cRobert Kolb. 1aGrand Rapids, MI :bBaker Academic,c2016. aviii, 517 páginas ;c24 centímetros. atext2rdacontent aunmediated2rdamedia avolume2rdacarrier0 aIntroduction: God's Word endures forever : the Wittenberg School of Exegesis -- The Bible in the world of Luther's childhood and youth -- In the beginning God said : Luther's understanding of the Word of God -- Nowhere more present than in Scripture : Luther's perception of what the Bible is -- Rightly dividing the word of truth : Luther's hermeneutical framework -- Search the scriptures : Luther as professor -- Faith comes by hearing : Luther the preacher -- Teaching all nations : Luther as translator -- Instruction in sound teaching : the Wittenberg curriculum, the Wittenberg commentary, the Wittenberg colleagues -- Searching the scriptures the Wittenberg way : sixteenth-century tools for study of the Bible -- Biographical interlude : the later Wittenberg commentators -- Formulas for speaking circumspectly and avoiding offense : hermeneutics for exegesis and preaching among Luther's students -- Rightly dividing the word of truth : the late Reformation Wittenberg commentaries -- In season, out of season : the forms and methods of late Reformation preaching in the Wittenberg circle -- With a firm grasp of the Word : the message of late Reformation proclamation -- The enduring Word of God : concluding reflection. aSEG42 aSEG41 aSEG40 aSEG39 aP94 aP87 aP86 aP85 aP77 aP76 aP3504aHermenéuticaxAspectos religiososxIglesia Luterana.04aIglesia LuteranaxDoctrinas.